Представление документа в формате RUSMARC

ПолеНазваниеЗначение
  Тип записи a
  Библиографический уровень m
001 Контрольный номер RU/CBS_UL/BASE/6b7889c15e574131ba1bf5e3291ededd
005 Дата корректировки 20260128135549.8
010 Индекс ISBN __
a ISBN 978-5-9795-2516-7
d Цена 150 р. 00 к.
9 Тираж 100 экз.
100 Данные общей обработки __
a Данные общей обработки 20150212d2015 ||| 0rusy0189 ca
101 Язык документа 0_
a Язык текста rus
102 Страна публикации __
a Страна публикации RU
105 Кодированные данные (монография) __
a Кодированные данные (монография) y###||||000|y
200 Заглавие и сведения об ответственности 1_
a Заглавие Традиционные и новые каналы коммуникации в условиях модернизации информационного пространства российского общества
b Общее обозначение материала Текст
210 Выходные данные 1_
a Место издания Ульяновск
c Издательство УлГТУ
d Дата издания 2025
215 Физическое описание __
a Объем 179 с.
d Формат 20 см.
c Иллюстрации/тип воспроизводства ил.
300 Общие примечания __
a Общие примечания 16+
606 Тематические рубрики 0_
a Основная рубрика Социология - Социология средств массовых коммуникаций, массовой культуры и пропаганды
610 Ключевые слова 0_
a Ключевые слова социология
a Ключевые слова социология групп
a Ключевые слова общество российское
a Ключевые слова коммуникации в обществе
a Ключевые слова коммуникации маркетинговые
610 Ключевые слова 0_
a Ключевые слова исследования социальные
686 Индексы других классификаций __
a Классификационный индекс 60.56
2 Код системы ББК
801 Источник записи _0
a Страна RU
b Организация МБУК ЦБС г. Ульяновска
c Дата составления 20150212
g Правила каталогизации RCR
801 Источник записи _1
a Страна RU
b Организация МБУК ЦБС г. Ульяновска
c Дата составления 20150212
g Правила каталогизации RCR
852 Данные о местонахождении __
i Авторский знак Т 65
j Шифр хранения 60.5
901 Тип документа __
t Тип документа m